Quizzes
Events
Quiz Creation
Community
Videos
Private Events
Remove Ads
Sign In
Join for FREE
Feedback
Dark Mode
Quiz Categories
Sports
Geography
Music
Movies
Television
Just For Fun
Miscellaneous
History
Literature
Language
Science
Gaming
Entertainment
Religion
Holiday
For Kids
Quiz Lab
Recent
Popular Today
Quiz Kudos Today
Editor Picks
Curator Picks
Quizzes by...
Day
Popularity
Type
Ratings
Length
Year
Community
Subscriptions
Recent Discussions
Orange Saloon
Badges
Playlists
Quests
Create
Leaderboards
Showdown
Live 5
Trivia Bingo
Activity
Puzzle Library
Sporcle Events
Private Events
Virtual Trivia
Globe League
Become a Host
Pub Owners
SporcleCon
Opinionation
Our Games
Videos
Blog
Mobile Apps
Partnerships
Remove Ads and Go Orange
Feedback
Language
Vocabulary
Begins and Ends
Definition
Spanish
French
German
Italian
Chinese
Latin
Translation
Japanese
Language
Vocabulary
Begins and Ends
Definition
Spanish
French
German
Italian
Chinese
Latin
Translation
Japanese
Random Quiz
Search Sporcle
×
Quiz Lab
Quiz Lab
Language
University
Type in answers that appear in a list
Type in answers that appear in a list
Classic
Best Score? Go Orange.
Vocabulary for Visual Studies 2 Chapter 1 Stats
Can you name the terms to go with the definitions from chapter 1??
By
megdoll
10m
21 Questions
27 Plays
27 Plays
27 Plays
Comments
Comments
Give Quiz Kudos
Give Quiz Kudos
-
- Ratings
hide this ad
Forced Order
Answers have to be entered in order
Answers have to be entered in order
Random Order
Randomize order of answers
Randomize order of answers
Replay
Link that replays current quiz
Next Quiz
Link to next quiz in quiz playlist
You Got
0%
They Got
Avg Score
42%
Avg Friend Score
Upgrade to see
Score Distribution
Jump to the score distribution portion of the page
Score
0/21
Timer
10:00
0
Plays Today
Definition
Term
% Correct
Science of signs.
Semiotics
55.6%
image with symbolic significance. Represents universal concept/
emotion/
meaning. I.E. Madonna and child, universal concept of love, easy to understand even without Christian context
Image Icon
55.6%
The act of perceiving (vs)
Seeing
51.9%
Signifier+signified=
Sign
51.9%
A cultural Practice.
Looking
48.1%
A belief that if an image is produced by a mechanical device it is object record of reality.
Photographic Truth
48.1%
Description, fact, literal.
Denotation
48.1%
Crude use of stereotypes to manipulate popular opinion.
Propaganda
44.4%
Shared set of values that exist in a society
Ideology
44.4%
How images directly reflect the world (vs)
Mimesis
40.7%
The world is invented in the process of representation.
Social Constructionism
40.7%
Definition
Term
% Correct
Philosophical position that only science because of its objective verifiable methods is the source of authentic knowledge.
Positivism
40.7%
The object of being represented.
Referent
40.7%
Creation of meaning through the act of portraying the likeness of something.
Representation
37%
The common, banal meaning and information in a photograph (vs)
Studium
37%
Allusion, association.
Connotation
37%
Cultural values and beliefs expressed at the level of connotation as to appear obvious.
Myth
37%
The meaning or concept that the significant refers to.
Signified
37%
The aspect or detail that grabs the attention or emotion of a viewer
Punctum
33.3%
How images produce meanings according to social and aesthetic conventions.
Code
33.3%
The material basis of the sign which could be almost anything. Anything that signifies something or conveys a message
Signifier
29.6%
Quiz Playlist
Details
Report
Send in Message
Add To Playlist
Classic:
Type in answers that appear in a list
Forced Order:
Answers have to be entered in order
Random Order:
Randomize order of answers
Last Updated: Feb 16, 2017
Quiz Scoreboard
CHALLENGE
Sign Up to Join the Scoreboard
Show All
Scores
Hide
Comments
May contain spoilers
Recently Published
College Basketball Coaching Resumes
by pancakes188
Sports
9m
Billboard Blitz: Fleetwood Mac
by CooCooCachoo
Music
15s
Presidents Visiting Landmarks
by Hejman
History
7m
More to Explore
Quiz From the Vault
Featured Blog Post
Where Did the Easter Bunny Come From?
hide this ad
You Might Also Like...
Tags
Definition Quiz
University Quiz
Vocabulary Quiz
Art History
Today's Top Quizzes in Language
Browse Language
hide this ad
Today's Top Quizzes in University
Browse University
Top Contributed Quizzes in Language
1
1-10 Letter F Words III
2
1-10 Letter G Words III
3
Alphabetize! : 'As' words
4
1-10 Letter H Words III
5
Order Up: Top 10 Most Native Spoken Languages
6
Celtic Nations in their Language
7
One Thing in Common: Italy
8
1-10 Letter I Words III
9
1-10 Letter J Words III
10
Weisst du, aus welchen Sprachen diese Wörter stammen?
Explore More
Trending Topics
Disney
NBA
Kpop
Harry Potter
Marvel
Crossword
Anime
The Office
Puzzle
Country
Song
Pokémon
WWE
NFL
Soccer
hide this ad
More By:
megdoll
Quiz
Plays
Rating
Category
Featured
Created
Vocabulary for Visual Studies 2 Chapter 1
27
Language
Feb 8, 2011
Visual Studies Exam Artworks
12
Miscellaneous
Apr 19, 2011
Art History Chapter 6
11
1.00
History
Apr 18, 2011
Graphic Design History key terms
10
1.50
Miscellaneous
Feb 6, 2012
Vocabulary for Visual Studies 2: Chapter 3
7
Language
Feb 8, 2011
Go to Creator's Profile
Score Distribution
Quiz Creator Spotlight
megdoll
Follow
Send a Message
Quizzes Created
-
Created Quiz Play Count
-
More By This Creator
Popular Quizzes Today
1
Find the US States - No Outlines Minefield
2
Find the Countries of Europe - No Outlines Minefield
3
The Countries of the World
4
Find the US States
5
Risky Map Clicking: Biggest States A-Z
6
US States
7
Popular People in 1961
8
Movies - When Are They Set?
More Language Quizzes
Keep 'YR' Word
Published
Trending Quizzes
Risky Map Clicking: Least Populous States A-Z
1-10 Letter G Words
1-10 Letter F Words
Risky Map Clicking: Next State Alphabetically
Risky Map Clicking: Biggest States A-Z
Recently Updated
Leaping Animals
pecheneg
Reality TV Shows (A-Z)
bhenderson79
Rickey Henderson's Hall of Fame Teammates
pecheneg
Champions League XIs: Arsenal
pecheneg
Quick Pick: Celebrities in WWE's Hall of Fame
aduchscher
A-Z Keypad Blitz II
pecheneg
Multiple Oscar Actors
pecheneg
Mystery Phrase Blitz: Oscar 'Best Actors'
pecheneg
F. Scott Fitzgerald Novels
LTH
Pick 3 Villains
ddd62291
Trending Topics
Kpop
Disney
Harry Potter
Marvel
NBA
Crossword
Anime
Country
Song
NFL
Soccer
The Office
Pokémon
WWE
Puzzle
Your Account Isn't Verified!
In order to create a playlist on Sporcle, you need to verify the email address you used during registration. Go to your
Sporcle Settings
to finish the process.
Report this User
Report this user for behavior that violates our
Community Guidelines
.
Details:
Send Report
Go to the Sporcle.com Mobile Site →
Comments